Top 15 Countries in Personal Freedom and Choise - Statistics

General Stats
  • This quiz has been taken 64 times
  • The average score is 14 of 15
Answers on the Map
Answers color-coded by a green-red scale on the quiz's map according to % correct below.
 
Answer Stats
% Correct
Canada
100%
Finland
98%
Germany
98%
Netherlands
98%
Norway
98%
Sweden
98%
United Kingdom
98%
Belgium
97%
Switzerland
97%
Australia
95%
Denmark
95%
Austria
93%
New Zealand
93%
Iceland
90%
Luxembourg
80%
No matching quizzes found
Score Distribution
Percent of People with Each Score
Percentile by Number Answered
Your Score History
You have not taken this quiz